|
|
|
|
| LEADER |
00000nab a2200000 a 4500 |
| 001 |
vtls000119098 |
| 003 |
SK-MaSNL |
| 005 |
20260303210336.0 |
| 008 |
111104c1982 xo 0 slo |
| 015 |
|
|
|a SNBRB19rr/mm-uuuuu
|
| 035 |
|
|
|a CL0129203
|
| 040 |
|
|
|a SNKBUCL
|b slo
|c SNKBUCL
|e AACR2
|
| 041 |
0 |
|
|a slo
|
| 044 |
|
|
|a xo
|c SK
|
| 080 |
|
|
|a 784.66
|2 1981
|
| 100 |
1 |
|
|a Karško, Andrej,
|d 1938-
|4 aut
|9 13878
|
| 245 |
1 |
0 |
|a Na krídlach melódií
|b v Sninskej doline znela populárna ukrajinská pieseň. Dvanásť vlastných skladieb od mladých autorov
|c Andrej Karško
|
| 300 |
|
|
|b Obr.
|
| 611 |
2 |
7 |
|a Na krídlach melódií
|d (1982 :
|c Stakčín, Slovensko)
|2 snkbucl
|9 1241931
|
| 650 |
0 |
7 |
|a hudobné festivaly
|2 snkbucl
|9 2958
|
| 651 |
|
7 |
|a Stakčín (Slovensko)
|2 snkbucl
|9 29326
|
| 655 |
|
7 |
|a články z novín a časopisov
|2 snkbucl
|9 267496
|
| 773 |
0 |
|
|t Rytmus
|g Roč. 33, č. 6 (1982), s. 27
|
| 850 |
|
|
|a Slovenská národná knižnica v Martine
|a MTA001
|
| 852 |
|
|
|a SNK
|b KIS3GCP
|
| 958 |
|
|
|a RK
|
| 992 |
|
|
|a RBX
|
| 999 |
|
|
|c 2199849
|d 2201779
|